MARC details
| 000 -LEADER |
| fixed length control field |
01728cam a22003977a 4500 |
| 001 - CONTROL NUMBER |
| control field |
14529242 |
| 003 - CONTROL NUMBER IDENTIFIER |
| control field |
OSt |
| 005 - DATE AND TIME OF LATEST TRANSACTION |
| control field |
20150716094449.0 |
| 008 - FIXED-LENGTH DATA ELEMENTS--GENERAL INFORMATION |
| fixed length control field |
060831s2006 waua b 101 0 eng d |
| 010 ## - LIBRARY OF CONGRESS CONTROL NUMBER |
| LC control number |
2006281951 |
| 016 7# - NATIONAL BIBLIOGRAPHIC AGENCY CONTROL NUMBER |
| Record control number |
101276098 |
| Source |
DNLM |
| 020 ## - INTERNATIONAL STANDARD BOOK NUMBER |
| International Standard Book Number |
0819461261 |
| 040 ## - CATALOGING SOURCE |
| Original cataloging agency |
SEKU |
| 050 00 - LIBRARY OF CONGRESS CALL NUMBER |
| Classification number |
R 857.L37 |
| Item number |
J3 |
| 100 ## - MAIN ENTRY--PERSONAL NAME |
| Personal name |
Jacques, Steven L. |
| 245 00 - TITLE STATEMENT |
| Title |
Optical interactions with tissue and cells XVII : |
| Remainder of title |
23-25 January 2006, San Jose, California, USA / |
| Statement of responsibility, etc. |
Steven L. Jacques, William P. Roach, chairs/editors ; sponsored and published by SPIE--the International Society for Optical Engineering. |
| 260 ## - PUBLICATION, DISTRIBUTION, ETC. (IMPRINT) |
| Place of publication, distribution, etc. |
Bellingham, Wash., USA : |
| Name of publisher, distributor, etc. |
SPIE, |
| Date of publication, distribution, etc. |
c2006. |
| 300 ## - PHYSICAL DESCRIPTION |
| Extent |
1 v. (various pagings) : |
| Other physical details |
ill. |
| 490 1# - SERIES STATEMENT |
| Series statement |
Progress in biomedical optics and imaging, |
| International Standard Serial Number |
1605-7422 ; |
| Volume/sequential designation |
vol. 7, no. 7 |
| 490 1# - SERIES STATEMENT |
| Series statement |
Proceedings of SPIE ; |
| International Standard Serial Number |
0277-786X ; |
| Volume/sequential designation |
v. 6084 |
| 504 ## - BIBLIOGRAPHY, ETC. NOTE |
| Bibliography, etc |
Includes bibliographical references and author index. |
| 650 #0 - SUBJECT ADDED ENTRY--TOPICAL TERM |
| Topical term or geographic name as entry element |
Lasers in medicine |
| Form subdivision |
Congresses. |
| 650 #0 - SUBJECT ADDED ENTRY--TOPICAL TERM |
| Topical term or geographic name as entry element |
Lasers |
| General subdivision |
Diagnostic use |
| Form subdivision |
Congresses. |
| 650 #0 - SUBJECT ADDED ENTRY--TOPICAL TERM |
| Topical term or geographic name as entry element |
Lasers |
| General subdivision |
Therapeutic use |
| Form subdivision |
Congresses. |
| 650 #0 - SUBJECT ADDED ENTRY--TOPICAL TERM |
| Topical term or geographic name as entry element |
Imaging systems in medicine |
| Form subdivision |
Congresses. |
| 650 #0 - SUBJECT ADDED ENTRY--TOPICAL TERM |
| Topical term or geographic name as entry element |
Diagnostic imaging |
| Form subdivision |
Congresses. |
| 650 #0 - SUBJECT ADDED ENTRY--TOPICAL TERM |
| Topical term or geographic name as entry element |
Photochemotherapy |
| Form subdivision |
Congresses. |
| 650 12 - SUBJECT ADDED ENTRY--TOPICAL TERM |
| Topical term or geographic name as entry element |
Lasers |
| General subdivision |
therapeutic use |
| Form subdivision |
Congresses. |
| 650 22 - SUBJECT ADDED ENTRY--TOPICAL TERM |
| Topical term or geographic name as entry element |
Photochemotherapy |
| Form subdivision |
Congresses. |
| 700 1# - ADDED ENTRY--PERSONAL NAME |
| Personal name |
Roach, William P., |
| Dates associated with a name |
1951- |
| 710 2# - ADDED ENTRY--CORPORATE NAME |
| Corporate name or jurisdiction name as entry element |
Society of Photo-optical Instrumentation Engineers. |
| 830 #0 - SERIES ADDED ENTRY--UNIFORM TITLE |
| Uniform title |
Progress in biomedical optics and imaging ; |
| Volume number/sequential designation |
v. 7, no. 7. |
| 830 #0 - SERIES ADDED ENTRY--UNIFORM TITLE |
| Uniform title |
Proceedings of SPIE--the International Society for Optical Engineering ; |
| Volume number/sequential designation |
v. 6084. |
| 856 41 - ELECTRONIC LOCATION AND ACCESS |
| Materials specified |
Table of contents only |
| Uniform Resource Identifier |
<a href="http://www.loc.gov/catdir/toc/fy0701/2006281951.html">http://www.loc.gov/catdir/toc/fy0701/2006281951.html</a> |
| 942 ## - ADDED ENTRY ELEMENTS (KOHA) |
| Source of classification or shelving scheme |
Library of Congress Classification |
| Koha item type |
General circulation |